00405nam a2200181Ia 4500008004100000041001200041082000800053082001100061100001500072100001100087245003500098260001300133260001700146260000900163300001500172650001300187650002300200150901s9999 xx 000 0 und d aEnglish a551 bFRA/WA aFranks F  eEditor aWater a comprehensive treatise aNew York bPlenum Press c1975 a366 Pages aColloids aWater engironments